[Event "Norm Congress-IM 2019"]
[Site "Saint Louis"]
[Date "2019.05.18"]
[Round "4.5"]
[White "Grabinsky, Aaron"]
[Black "Giannatos, Peter"]
[Result "0-1"]
[WhiteElo "2338"]
[BlackElo "2290"]
[Annotator "ChessBase"]
[PlyCount "76"]
[EventDate "2019.05.16"]
[EventType "tourn"]
[EventCountry "USA"]
[SourceTitle "playchess.com"]
[Source "ChessBase"]
[SourceQuality "1"]
[TimeControl "5400+30"]

1. d4 {[%emt 0:00:00]} d5 {[%emt 0:00:00]} 2. Bf4 {[%emt 0:00:00]} Bf5 {[%emt 0:00:00]} 3. e3 {[%emt 0:00:00]} e6 {[%emt 0:00:00]} 4. Nf3 {[%emt 0:01:07]} Bd6 {[%emt 0:00:44]} 5. Bg3 {[%emt 0:00:15]} Nf6 {[%emt 0:00:44]} 6. c4 {[%emt 0:00:40]} O-O {[%emt 0:01:26]} 7. Nc3 {[%emt 0:00:30]} Bxg3 {[%emt 0:11:13]} 8. hxg3 {[%emt 0:00:06]} c6 {[%emt 0:02:33]} 9. Bd3 {[%emt 0:00:54]} dxc4 {[%emt 0:02:12]} 10. Bxc4 {[%emt 0:00:44]} Nbd7 {[%emt 0:02:53]} 11. Nh4 {[%emt 0:03:12]} Nb6 {[%emt 0:02:36]} 12. Bb3 {[%emt 0:00:29]} a5 {[%emt 0:01:59]} 13. Nxf5 {[%emt 0:01:29]} exf5 {[%emt 0:00:05]} 14. Qf3 {[%emt 0:01:07]} a4 {[%emt 0:05:25]} 15. Bc2 {[%emt 0:00:29]} g6 {[%emt 0:00:23]} 16. O-O-O {[%emt 0:01:34]} a3 {[%emt 0:06:40]} 17. b3 {[%emt 0:03:11]} Nbd5 {[%emt 0:00:06]} 18. Nxd5 {[%emt 0:00:44]} cxd5 {[%emt 0:00:21]} 19. Kb1 {[%emt 0:02:31]} Qa5 {[%emt 0:03:47]} 20. Qe2 {[%emt 0:01:23]} Rac8 {[%emt 0:03:15]} 21. Rc1 {[%emt 0:01:36]} Rc3 {[%emt 0:10:26]} 22. Bd3 {[%emt 0:00:52]} Rfc8 {[%emt 0:01:17]} 23. Rxc3 {[%emt 0:00:54]} Rxc3 {[%emt 0:01:36]} 24. Rd1 {[%emt 0:01:15]} Kg7 {[%emt 0:02:48]} 25. Rd2 {[%emt 0:04:15]} Ne4 {[%emt 0:04:30]} 26. Bxe4 {[%emt 0:00:35]} fxe4 {[%emt 0:00:07]} 27. Qd1 {[%emt 0:02:08]} Rd3 {[%emt 0:06:59]} 28. Rxd3 {[%emt 0:02:15]} exd3 {[%emt 0:00:05]} 29. Qxd3 Qe1+ {[%emt 0:00:15]} 30. Kc2 {[%emt 0:00:17]} Qa1 {[%emt 0:00:43]} 31. Qb5 {[%emt 0:00:30]} Qxa2+ {[%emt 0:00:53]} 32. Kc3 {[%emt 0:00:18]} Qb2+ {[%emt 0:01:44]} 33. Kb4 {[%emt 0:00:08]} a2 {[%emt 0:00:32]} 34. Qxd5 {[%emt 0:00:07]} Qd2+ {[%emt 0:00:39]} 35. Kc4 {[%emt 0:01:15]} Qc2+ {[%emt 0:00:27]} 36. Kb4 {[%emt 0:00:08]} a1=Q {[%emt 0:00:40]} 37. Qe5+ {[%emt 0:00:12]} f6 {[%emt 0:00:44]} 38. Qe7+ {[%emt 0:00:08]} Kh6 {[%emt 0:00:05]} 0-1

[Event "Norm Congress-IM 2019"]
[Site "Saint Louis"]
[Date "2019.05.18"]
[Round "5.1"]
[White "Giannatos, Peter"]
[Black "Kiewra, Keaton"]
[Result "0-1"]
[WhiteElo "2290"]
[BlackElo "2375"]
[Annotator "TA"]
[PlyCount "76"]
[EventDate "2019.05.16"]
[EventType "tourn"]
[EventCountry "USA"]
[SourceTitle "playchess.com"]
[Source "ChessBase"]
[SourceQuality "1"]

{[%evp 20,76,18,13,51,64,59,31,39,26,52,0,-4,-43,-56,-48,-45,-49,-20,-6,-33,-17,-33,-27,-8,-28,-30,-25,0,-8,31,36,114,70,56,44,68,0,0,-35,-20,-435,-142,-401,-354,-441,-422,-595,-580,-543,-546,-503,-443,-1657,-1651,-29995,-29996,-29996,-29997]} 1. e4 c5 2. Nf3 g6 3. d4 cxd4 4. Nxd4 Nf6 5. Nc3 d6 6. Be2 Bg7 7. O-O Nc6 8. Nb3 O-O 9. Bg5 Be6 10. Re1 a5 11. a4 Nb4 {B70: Sicilian Dragon: 6 g3 and 6 Be2 (without a later Be3)} (11... h6 12. Be3 d5 13. exd5 Bxd5 14. Nc5 Nb4 15. Nb5 b6 16. Nd3 Nxd3 17. Qxd3 Qc8 18. Bd4 Qb7 19. Bf1 {½-½ (36) Kramnik,V (2788)-Navara,D (2672) Prague 2008}) 12. Nd4 Bd7 13. Bf1 h6 {White is slightly better.} 14. Bh4 Bc6 $146 ({Predecessor:} 14... Rc8 15. Ncb5 g5 16. c3 Nc6 17. Bg3 Qb6 18. Kh1 {1-0 (68) Koziol,K (2258)-Wyczling,B (1959) Szklarska Poreba 2016}) 15. Ncb5 ({Better is} 15. f3 $14) 15... g5 $11 16. c3 gxh4 17. cxb4 Bxe4 18. bxa5 d5 19. b4 e6 20. Rc1 Qe7 21. Qd2 Rac8 22. Nb3 {[#]} h3 $1 {[%mdl 512] Hoping for ...hxg2.} 23. g3 (23. gxh3 Kh8) 23... Nd7 24. f4 e5 25. Bxh3 {Black must now prevent Nc7.} f5 (25... Rxc1 $1 $14 26. Nxc1 Nb8) 26. Bg2 {Rxc8 is the strong threat.} Kh7 27. Bxe4 dxe4 28. Qd6 (28. Rxc8 $14 Rxc8 29. Nd6) 28... Qf7 29. Nd2 exf4 30. gxf4 $2 {[%mdl 8192]} (30. Rxc8 $1 $11 {and White has nothing to worry.} Rxc8 31. Qxf4) 30... Nf6 $2 (30... Rg8 $1 $19 {and Black stays clearly on top.} 31. Kh1 Be5 $1 {[%mdl 512]} 32. Rxc8 (32. fxe5 $2 Qg7 $19) 32... Bxd6 33. Nxd6 Qa2 34. Rxg8 Kxg8) 31. Nf1 $2 {[%mdl 8192]} (31. Rxc8 $17 Rxc8 32. Nf1) 31... Rcd8 32. Qc7 Qg6+ 33. Ng3 (33. Kh1 $142 Nd5 34. Qc2) 33... Nd5 34. Qxb7 Nxf4 {aiming for ...Qg4!} 35. Rc7 {[#]} Rg8 $1 {Threatens to win with ...Qg4!} 36. Qb6 {[#]} (36. Rd7 $142 Rxd7 37. Qxd7) 36... Qg4 $1 $19 {[%mdl 512] ( -> ...Nh3+)} 37. Qc5 Nh3+ 38. Kg2 Rd2+ {Accuracy: White = 20%, Black = 47%.} 0-1

[Event "Norm Congress-IM 2019"]
[Site "Saint Louis"]
[Date "2019.05.18"]
[Round "5.4"]
[White "Jacobson, Aaron"]
[Black "Ezra Paul Chambers"]
[Result "1-0"]
[WhiteElo "2311"]
[BlackElo "2241"]
[Annotator "TA"]
[PlyCount "99"]
[EventDate "2019.05.16"]
[EventType "tourn"]
[EventCountry "USA"]
[SourceTitle "playchess.com"]
[Source "ChessBase"]
[SourceQuality "1"]

{[%evp 17,99,25,25,26,32,32,40,39,30,38,30,25,38,31,45,33,23,25,51,8,8,0,2,2,2,0,0,0,15,0,-8,-82,-57,-40,0,-35,0,0,98,89,195,189,189,186,536,242,221,224,1005,303,1044,347,344,275,341,342,290,177,336,336,336,336,336,314,314,0,314,308,320,321,321,321,2279,2219,2147,1394,1294,1104,2513,1691,1460,1212,29981,29982]} 1. e4 c5 2. Nf3 Nc6 3. d4 cxd4 4. Nxd4 e5 5. Nb5 d6 6. c4 Be7 7. N1c3 a6 8. Na3 f5 9. exf5 Bxf5 10. Nc2 {B32: Sicilian: Löwenthal and Kalashnikov Variations} Nf6 11. Ne3 (11. Bd3 Be6 12. O-O O-O 13. b3 Qd7 14. Bb2 Bd8 15. Ne4 Bb6 16. Qe2 Rad8 17. Kh1 Nxe4 18. Bxe4 {½-½ (50) Yu,Y (2764)-Potapov,P (2516) St Petersburg 2018}) 11... Be6 12. g3 {White is slightly better.} O-O 13. Bg2 Qd7 14. O-O b5 15. cxb5 axb5 16. Ncd5 Rab8 17. b3 Bd8 18. Bb2 $146 Ne7 19. Qd2 Nexd5 20. Nxd5 Nxd5 21. Bxd5 Bb6 22. Rad1 Rf6 {Hoping for ...Rbf8.} 23. Kg2 Rc8 24. f4 (24. f3 $11) 24... Qf7 $17 {Strongly threatening ...Bxd5+.} 25. Bxe6 Qxe6 26. Rc1 Rff8 27. f5 Qf7 (27... Rxf5 $11 {keeps the balance.} 28. Rxc8+ (28. Qxd6 Qxd6 29. Rxc8+ Kf7 $15) 28... Qxc8 29. Qd5+ Kh8 30. Rxf5 Qc2+ {[%mdl 64] Double Attack} 31. Kh1 Qb1+ {[%mdl 64] Double Attack} 32. Kg2 Qc2+ 33. Kh1 Qb1+ {[%mdl 64] Double Attack} 34. Kg2 Qc2+) 28. Qxd6 $16 {[%mdl 64] [#] Double Attack} Qb7+ (28... Be3 $16 {was necessary.} 29. Rxc8 Rxc8) 29. Kh3 $18 Rxc1 30. Rxc1 (30. Bxc1 Bd4 $16) 30... Bd4 $2 (30... Re8 {is tougher.} 31. Rf1 (31. Bxe5 Qf3 $14) 31... Ba7) 31. Bxd4 (31. Ba3 $142 {[%csl Ga3][%cal Rd6f8]} Qf7 32. Qxf8+ Qxf8 33. Bxf8 Kxf8 34. Rc7) 31... exd4 {[%mdl 4096] Endgame KQR-KQR} 32. Rc5 $40 {[%mdl 128] White attacks with force.} ({Much less strong is} 32. Qxd4 $6 Rxf5 33. Qd6 h6 $16) 32... Ra8 $2 (32... Qf7 33. Qxd4 Qh5+ 34. Kg2 Qe2+ 35. Qf2 Re8 36. Qxe2 Rxe2+ 37. Kh3 Rxa2 38. Rxb5 h5) 33. Qxd4 $2 (33. Rc7 Qb8 34. f6 Qxc7 35. Qxc7 gxf6 36. Qd7 Rxa2 37. Qxd4) 33... b4 $2 (33... Qf7 34. g4 Rb8) 34. Qe5 $2 (34. Qc4+ Qf7 35. Rc8+ Rxc8 36. Qxc8+ Qf8 37. Qxf8+ Kxf8 38. Kg4) 34... Qf7 {( -> ...Qh5+)} 35. Qe6 {And now Rc8+ would win.} Qxe6 36. fxe6 {KR-KR} Kf8 37. Rb5 Ke7 $2 (37... Rxa2 38. Rxb4 Ra6) 38. Rxb4 Rxa2 39. Rb7+ Kf8 40. Rf7+ Kg8 41. Rb7 {[%cal Rb7b8]} Kf8 42. g4 Re2 {[#]} 43. e7+ $1 Ke8 44. b4 {[%cal Bb3b4,Bb4b5,Bb5b6][%mdl 32]} g5 $2 (44... Re3+ 45. Kg2 Re1) 45. b5 Rb2 46. b6 Rb3+ 47. Kg2 h6 48. Kf2 Rb2+ 49. Ke3 Rxh2 50. Rc7 {Accuracy: White = 53%, Black = 31%.} 1-0

[Event "Norm Congress-IM 2019"]
[Site "Saint Louis"]
[Date "2019.05.18"]
[Round "5.5"]
[White "Wu, Rochelle"]
[Black "Gauri, Shankar"]
[Result "1/2-1/2"]
[WhiteElo "2174"]
[BlackElo "2375"]
[Annotator "TA"]
[PlyCount "115"]
[EventDate "2019.05.16"]
[EventType "tourn"]
[EventCountry "USA"]
[SourceTitle "playchess.com"]
[Source "ChessBase"]
[SourceQuality "1"]

{[%evp 14,115,0,0,0,0,0,0,0,0,12,0,0,0,0,0,0,0,0,0,0,-7,0,0,0,0,0,0,0,0,0,0,0,0,0,0,0,-31,-15,-36,-32,-56,-4,-20,-14,-11,-2,-18,-15,-53,-29,-36,-26,-34,-19,-22,-22,-26,-5,-18,0,-20,0,-8,-9,-31,-29,-27,-27,-57,-31,-29,-4,-40,-40,-40,-40,-40,-40,-40,-41,-46,-41,-48,-48,-52,-13,-48,-48,-53,-53,-79,-22,-22,0,0,0,-20,-20,-28,0,-28,-28,-43]} 1. d4 Nf6 2. c4 e6 3. Nc3 Bb4 4. Qc2 O-O 5. a3 Bxc3+ 6. Qxc3 b6 7. Bg5 Bb7 ({Predecessor:} 7... h6 8. Bh4 Bb7 9. e3 d6 10. Ne2 Nbd7 11. Qc2 c5 12. Rd1 cxd4 13. Rxd4 Qe7 {½-½ (42) Lara Ruiz,J (2301)-Dutra,A (2429) ICCF email 2015}) 8. e3 d6 {E32: Nimzo-Indian: Classical (4 Qc2): 4...0-0} 9. Ne2 $146 (9. f3 Nbd7 10. Nh3 c5 11. dxc5 bxc5 12. Be2 Qb6 13. O-O a5 14. Nf2 a4 15. Rad1 h6 16. Bh4 d5 17. Ng4 Nxg4 18. fxg4 Qc6 19. Rf2 Nb6 {0-1 (61) Sjugirov,S (2663)-Martirosyan,H (2607) chess.com INT 2019}) 9... Nbd7 10. Qc2 c5 {The position is equal.} 11. Rd1 Qe7 12. Nc3 cxd4 13. Rxd4 h6 14. Bh4 Ne5 15. f3 Rac8 16. Be2 Ng6 17. Bf2 d5 18. cxd5 Nxd5 19. Nxd5 Bxd5 20. Qb1 Rfd8 21. O-O Bb3 {...Rxd4 is the strong threat.} 22. Rc1 Rxc1+ 23. Qxc1 Rxd4 24. exd4 Qd7 25. g3 Ne7 26. Bd3 Bd5 27. Qf4 Qd8 ({Better is} 27... g5 $15 28. Qe3 Nf5 29. Bxf5 exf5) 28. Kg2 Nc6 29. Qe3 Qd6 30. Bb5 Ne7 31. Qc3 Bb7 32. Bd3 Nd5 33. Qc2 Nf6 34. Qe2 Qc6 35. Bb5 Qd5 36. Bd3 Qb3 37. Kg1 Qd5 38. Qe5 {White wants to mate with Qb8+.} Qd8 39. Qf4 g5 40. Qe3 Qd5 41. Be2 {[#]} Ng4 $1 {[%mdl 512]} 42. Qc3 (42. fxg4 Qh1#) 42... e5 (42... Nxf2 {keeps more tension.} 43. Kxf2 g4 44. Qe3 Qh5 45. Kg2 Qf5) 43. dxe5 (43. Bc4 {seems wilder.} Qxf3 44. Qxf3 Bxf3 45. h3 Nxf2 46. Kxf2 e4 47. d5) 43... Nxe5 44. Bd4 Nxf3+ 45. Bxf3 Qxf3 46. Qxf3 Bxf3 $15 {[%mdl 4096] Endgame KB-KB} 47. a4 Bc6 48. a5 bxa5 49. Bxa7 f5 50. Bb6 a4 51. Be3 Kf7 52. h4 {[#]} gxh4 (52... f4 $1 $17 {[%mdl 512]} 53. gxf4 gxh4) 53. gxh4 $11 h5 54. Kf2 Ke6 55. Kg3 Ke5 56. Bf4+ Kd4 57. Bd6 Ke4 58. Bc7 {Accuracy: White = 59%, Black = 47%.} 1/2-1/2

[Event "Norm Congress-IM 2019"]
[Site "Saint Louis"]
[Date "2019.05.19"]
[Round "6.1"]
[White "Kiewra, Keaton"]
[Black "Gauri, Shankar"]
[Result "1-0"]
[WhiteElo "2375"]
[BlackElo "2375"]
[Annotator "TA"]
[PlyCount "91"]
[EventDate "2019.05.16"]
[EventType "tourn"]
[EventCountry "USA"]
[SourceTitle "playchess.com"]
[Source "ChessBase"]
[SourceQuality "1"]

{[%evp 10,91,12,-7,0,0,0,0,0,-12,0,-13,-14,0,48,65,79,54,91,60,89,86,126,112,106,108,103,90,82,114,132,16,153,143,181,125,124,97,163,145,159,151,160,80,76,66,65,69,65,75,58,39,84,67,190,206,186,136,240,212,704,672,656,629,559,502,687,697,675,662,5214,5106,6520,6440,5074,3055,29986,29987,29990,29991,29990,29982,29997,578]} 1. Nf3 d5 2. e3 Nf6 3. c4 e6 4. b3 Bd6 5. Bb2 O-O 6. Be2 Nbd7 {A13: English Opening: 1...e6} (6... dxc4 7. Bxc4 b6 8. Nc3 Bb7 9. d4 a6 10. O-O b5 11. Bd3 Nbd7 12. a4 b4 13. Nb1 c5 14. Nbd2 cxd4 15. Nxd4 {½-½ (59) Nakamura,H (2746)-So,W (2765) Kolkata 2018}) 7. Qc2 c5 8. Nc3 b6 {The position is equal.} 9. g4 Bb7 10. g5 Ne8 $146 ({Predecessor:} 10... Ne4 11. Rg1 Re8 12. h4 Qb8 13. h5 Ne5 {1-0 (36) Pardo Simon,D (2492)-Prithu,G (1981) Pardubice 2016}) 11. Rg1 Nc7 12. h4 b5 13. Nxb5 Nxb5 14. cxb5 e5 15. h5 Rc8 16. Nh4 Re8 17. Nf5 Bf8 18. g6 fxg6 19. hxg6 {[#] Strongly threatening Nh6+!} h6 20. e4 (20. f4 $16) 20... Nf6 (20... c4 $1 $11) 21. exd5 $16 Bxd5 {[#] Black wants to play ...c4.} 22. Bc4 (22. Ne3 $1 $18) 22... Kh8 {Threatening ...Be4.} 23. Qd3 Rc7 (23... Be4 $16 {might work better.} 24. Qxd8 Rcxd8) 24. Ne3 Rd7 25. Nxd5 Nxd5 26. Bxd5 ({White should try} 26. Qf5) 26... Rxd5 27. Qc2 Be7 28. O-O-O Bg5 29. Kb1 Rf8 30. d3 Rf3 31. Rg3 Rxg3 (31... Rf8 $14) 32. fxg3 $18 e4 {[%cal Rd5d3]} 33. d4 e3 (33... Qe8 $16 {keeps fighting.}) 34. Qe4 cxd4 $2 (34... Bf6) 35. Rxd4 Rxd4 36. Bxd4 Qd7 37. Kc2 Bf6 38. Bxe3 Qc8+ 39. Kd3 h5 40. Bxa7 h4 41. gxh4 Qd7+ 42. Kc4 Qc7+ 43. Bc5 {[%cal Re4e8] White mates.} Qd7 44. b6 Bd8 45. Qf3 {[%cal Rf3f8]} Be7 46. Qh5+ {Accuracy: White = 64%, Black = 37%.} 1-0

[Event "Norm Congress-IM 2019"]
[Site "Saint Louis"]
[Date "2019.05.19"]
[Round "6.2"]
[White "Ezra Paul Chambers"]
[Black "Wu, Rochelle"]
[Result "1-0"]
[WhiteElo "2241"]
[BlackElo "2174"]
[Annotator "TA"]
[PlyCount "51"]
[EventDate "2019.05.16"]
[EventType "tourn"]
[EventCountry "USA"]
[SourceTitle "playchess.com"]
[Source "ChessBase"]
[SourceQuality "1"]

{[%evp 13,51,35,63,49,61,30,62,53,87,62,82,80,108,116,104,116,123,111,125,124,252,146,214,89,208,213,215,219,193,181,289,260,347,318,313,224,332,210,178,215]} 1. e4 c5 2. Nf3 d6 3. d4 cxd4 4. Nxd4 Nf6 5. Nc3 Nc6 6. Bg5 Bd7 7. Be2 Rc8 8. Bxf6 {B60: Sicilian: Richter-Rauzer: Unusual Black 6th moves and 6...Bd7 without 7 Qd2} (8. O-O Nxd4 9. Qxd4 Qa5 10. Bxf6 gxf6 11. a4 a6 12. Kh1 h5 13. Qa7 Bc6 14. Bb5 Qc7 15. Bxc6+ Qxc6 16. f4 h4 17. h3 f5 18. exf5 Rg8 19. Rf3 {1-0 (33) Shirov,A (2720)-Czarnota,P (2554) Germany 2006}) 8... gxf6 9. O-O Qb6 $146 ({Predecessor:} 9... Nxd4 10. Qxd4 Qa5 11. a4 Qc5 12. Rfd1 a6 13. Ra3 Bg7 14. Qd2 f5 15. Bd3 Rg8 16. exf5 Bc6 17. Be4 Bxe4 18. Nxe4 Qxf5 19. Re3 Be5 20. Nxd6+ exd6 21. Qxd6 f6 22. f4 Rg7 23. fxe5 Re7 24. Rf1 Qg5 25. Rg3 {1-0 (25) Roganovic,M (2480)-Pecurica,M (2149) Tivat 2011}) 10. Nb3 {White is slightly better.} Bg7 11. Bg4 {aiming for Bxd7+.} Qd8 12. f4 f5 13. Bxf5 Bxf5 14. exf5 Bxc3 15. bxc3 Qb6+ 16. Kh1 Nb8 (16... Rg8 $16 {was called for.}) 17. Qg4 ({White should play} 17. f6 $1 $18) 17... Nd7 {[#]} (17... d5 $16 {was necessary.}) 18. Rae1 (18. f6 $1 $18 {[%mdl 512] and White stays clearly on top.}) 18... Kd8 (18... d5 $16) 19. Qg7 $18 Rf8 20. Rf3 d5 21. Rfe3 Qd6 (21... Qf6 {is a better defense.} 22. Qg3 Re8) 22. Nd4 (22. Qxh7 $6 Nf6 $16) 22... b6 23. a4 ({But not} 23. Rxe7 Qxe7 24. Rxe7 Kxe7 $18) 23... a6 24. g3 ({Don't play} 24. Qxh7 Nf6 $18) 24... h5 {[#]} (24... Qf6 $142 25. Qg4 Rc7) 25. Ne6+ $1 {[%mdl 512]} fxe6 26. fxe6 {Accuracy: White = 49%, Black = 20%.} 1-0

[Event "Norm Congress-IM 2019"]
[Site "Saint Louis"]
[Date "2019.05.19"]
[Round "6.3"]
[White "Torres Rosas, Luis Carlos"]
[Black "Jacobson, Aaron"]
[Result "1-0"]
[WhiteElo "2320"]
[BlackElo "2311"]
[Annotator "RC"]
[PlyCount "67"]
[EventDate "2019.05.16"]
[EventType "tourn"]
[EventCountry "USA"]
[SourceTitle "playchess.com"]
[Source "ChessBase"]
[SourceQuality "1"]
[TimeControl "5400+30"]

1. d4 {[%emt 0:00:30]} Nf6 {[%emt 0:00:00]} 2. c4 {[%emt 0:00:05]} e6 {[%emt 0:00:00]} 3. Nc3 {[%emt 0:00:05]} Bb4 {[%emt 0:00:20]} 4. e3 {[%emt 0:00:34]} O-O {[%emt 0:00:07]} 5. Bd3 {[%emt 0:00:08]} c5 {[%emt 0:00:37]} 6. Nge2 {[%emt 0:00:21]} cxd4 {[%emt 0:00:57]} 7. exd4 {[%emt 0:00:13]} d5 {[%emt 0:00:06]} 8. cxd5 {[%emt 0:01:38]} Nxd5 {[%emt 0:01:06]} 9. O-O {[%emt 0:00:12]} Nc6 {[%emt 0:00:54]} 10. Nxd5 {[%emt 0:03:04]} exd5 {[%emt 0:02:29]} 11. Nf4 {[%emt 0:01:11]} Be7 {[%emt 0:05:12]} 12. Be3 {[%emt 0:05:11]} Bf6 {[%emt 0:03:52]} 13. Nh5 {[%emt 0:04:01]} Re8 {[%emt 0:10:30]} 14. Rc1 {[%emt 0:18:04]} Be6 {[%emt 0:15:43]} 15. Qf3 {[%emt 0:06:54]} Be7 {[%emt 0:19:05]} 16. Nxg7 {[%emt 0:09:14]} Kxg7 {[%emt 0:00:06]} 17. Qh5 {[%emt 0:00:08]} Bf6 {[%emt 0:07:38]} 18. Qh6+ {[%emt 0:12:46]} Kg8 {[%emt 0:00:04]} 19. Bxh7+ {[%emt 0:00:30]} Kh8 {[%emt 0:00:04]} 20. Bf5+ {[%emt 0:00:50]} Kg8 {[%emt 0:00:04]} 21. Qh7+ {[%emt 0:00:24]} Kf8 {[%emt 0:00:04]} 22. Bh6+ {[%emt 0:00:04]} Ke7 {[%emt 0:00:06]} 23. Bxe6 {[%emt 0:00:04]} Kxe6 {[%emt 0:01:23]} 24. Rfe1+ {[%emt 0:02:32]} Kd7 {[%emt 0:00:24]} 25. Qxf7+ {[%emt 0:00:09]} Re7 {[%emt 0:03:42]} 26. Qxd5+ {[%emt 0:00:55]} Ke8 {[%emt 0:00:26]} 27. Qh5+ {[%emt 0:09:41]} Kd7 {[%emt 0:00:08]} 28. Qf5+ {[%emt 0:03:39]} Kc7 {[%emt 0:00:23]} 29. Bf4+ {[%emt 0:01:09]} Kb6 {[%emt 0:00:11]} 30. Qc5+ {[%emt 0:00:19]} Ka6 {[%emt 0:00:05]} 31. Qc4+ {[%emt 0:00:28]} Kb6 {[%emt 0:00:17]} 32. Rxe7 {[%emt 0:04:36]} Qxe7 {[%emt 0:01:45]} 33. d5 {[%emt 0:00:25]} Ne5 {[%emt 0:04:59]} 34. Qb3+ {[%emt 0:01:00]} 1-0

[Event "Norm Congress-IM 2019"]
[Site "Saint Louis"]
[Date "2019.05.19"]
[Round "6.4"]
[White "Grabinsky, Aaron"]
[Black "Rosen, Eric"]
[Result "1-0"]
[WhiteElo "2338"]
[BlackElo "2338"]
[Annotator "RC"]
[PlyCount "139"]
[EventDate "2019.05.16"]
[EventType "tourn"]
[EventCountry "USA"]
[SourceTitle "playchess.com"]
[Source "ChessBase"]
[SourceQuality "1"]
[TimeControl "5400+30"]

1. e4 {[%emt 0:00:00]} c5 {[%emt 0:00:00]} 2. Nf3 {[%emt 0:00:00]} e6 {[%emt 0:00:00]} 3. b3 {[%emt 0:00:00]} b6 {[%emt 0:00:15]} 4. Bd3 {[%emt 0:00:00]} Bb7 {[%emt 0:01:16]} 5. O-O {[%emt 0:00:08]} Ne7 {[%emt 0:01:20]} 6. Bb2 {[%emt 0:00:38]} Ng6 {[%emt 0:01:07]} 7. c4 {[%emt 0:01:25]} Nc6 {[%emt 0:01:07]} 8. Re1 {[%emt 0:03:06]} Bd6 {[%emt 0:03:22]} 9. Na3 {[%emt 0:05:20]} Nce5 {[%emt 0:04:48]} 10. Bf1 {[%emt 0:03:06]} Nxf3+ {[%emt 0:02:56]} 11. Qxf3 {[%emt 0:00:34]} Qg5 {[%emt 0:07:27]} 12. d4 {[%emt 0:05:27]} O-O {[%emt 0:08:22]} 13. d5 {[%emt 0:03:45]} Rae8 {[%emt 0:01:30]} 14. Nb5 {[%emt 0:04:54]} Bb8 {[%emt 0:01:03]} 15. Qc3 {[%emt 0:01:13]} Qh6 {[%emt 0:06:09]} 16. g3 {[%emt 0:03:28]} a6 {[%emt 0:00:36]} 17. Na3 {[%emt 0:00:06]} Be5 {[%emt 0:11:40]} 18. Qc2 {[%emt 0:00:07]} f5 {[%emt 0:02:17]} 19. exf5 {[%emt 0:05:10]} Bxb2 {[%emt 0:01:35]} 20. Qxb2 {[%emt 0:00:26]} Rxf5 {[%emt 0:00:17]} 21. Bg2 {[%emt 0:03:52]} Ref8 {[%emt 0:01:47]} 22. f4 {[%emt 0:02:48]} exd5 {[%emt 0:03:20]} 23. Nc2 {[%emt 0:02:31]} R5f7 {[%emt 0:04:54]} 24. Ne3 {[%emt 0:01:22]} Ne7 {[%emt 0:01:52]} 25. Rad1 {[%emt 0:04:19]} Qg6 {[%emt 0:02:39]} 26. Qd2 {[%emt 0:08:06]} d4 {[%emt 0:03:46]} 27. Bxb7 {[%emt 0:01:10]} dxe3 {[%emt 0:00:42]} 28. Rxe3 {[%emt 0:02:08]} Nf5 {[%emt 0:04:02]} 29. Ree1 {[%emt 0:05:00]} Kh8 {[%emt 0:02:47]} 30. Bd5 {[%emt 0:01:17]} Rf6 {[%emt 0:02:43]} 31. Be4 {[%emt 0:00:11]} d6 {[%emt 0:02:58]} 32. Qd5 {[%emt 0:00:41]} h6 {[%emt 0:03:04]} 33. Bxf5 {[%emt 0:01:36]} Rxf5 {[%emt 0:00:40]} 34. Qxd6 {[%emt 0:00:06]} R5f6 {[%emt 0:03:58]} 35. Qd3 {[%emt 0:00:09]} Qxd3 {[%emt 0:01:38]} 36. Rxd3 {[%emt 0:00:08]} R8f7 {[%emt 0:00:18]} 37. Rd5 {[%emt 0:00:35]} Kh7 {[%emt 0:00:19]} 38. Ree5 {[%emt 0:00:18]} Rc6 {[%emt 0:01:57]} 39. Kg2 {[%emt 0:00:54]} Rcf6 {[%emt 0:00:37]} 40. h4 {[%emt 0:00:17]} g6 {[%emt 0:02:08]} 41. h5 {[%emt 0:00:44]} gxh5 {[%emt 0:01:46]} 42. Rxh5 {[%emt 0:00:25]} Rg7 {[%emt 0:00:21]} 43. Kf3 {[%emt 0:01:12]} Rfg6 {[%emt 0:00:32]} 44. Rdg5 {[%emt 0:00:24]} a5 {[%emt 0:05:13]} 45. a4 {[%emt 0:01:29]} Rd6 {[%emt 0:00:47]} 46. Rxg7+ {[%emt 0:00:45]} Kxg7 {[%emt 0:00:02]} 47. Rd5 {[%emt 0:00:33]} Rc6 {[%emt 0:01:01]} 48. g4 {[%emt 0:02:27]} Kf6 {[%emt 0:00:18]} 49. Rh5 {[%emt 0:01:16]} Kg6 {[%emt 0:00:11]} 50. Rd5 {[%emt 0:01:18]} Kf6 {[%emt 0:00:05]} 51. Kg3 {[%emt 0:00:28]} Re6 {[%emt 0:01:21]} 52. Kh4 {[%emt 0:00:28]} Re4 {[%emt 0:00:33]} 53. Rd6+ {[%emt 0:01:25]} Ke7 {[%emt 0:00:28]} 54. Rxh6 {[%emt 0:00:13]} Rxf4 {[%emt 0:00:04]} 55. Rxb6 {[%emt 0:00:06]} Kf7 {[%emt 0:00:39]} 56. Rb5 {[%emt 0:00:31]} Rf3 {[%emt 0:00:37]} 57. Rxa5 {[%emt 0:00:36]} Rxb3 {[%emt 0:00:07]} 58. Rxc5 {[%emt 0:00:06]} Ra3 {[%emt 0:00:27]} 59. a5 {[%emt 0:00:07]} Kf6 {[%emt 0:00:16]} 60. g5+ {[%emt 0:00:13]} Kg6 {[%emt 0:00:23]} 61. Kg4 {[%emt 0:00:19]} Rc3 {[%emt 0:01:04]} 62. Rc6+ {[%emt 0:00:13]} Kf7 {[%emt 0:00:05]} 63. a6 {[%emt 0:00:06]} Ra3 {[%emt 0:00:03]} 64. Kf5 {[%emt 0:00:27]} Ke7 {[%emt 0:00:48]} 65. g6 {[%emt 0:00:28]} Ra5+ {[%emt 0:01:03]} 66. Kf4 {[%emt 0:00:33]} Kd7 {[%emt 0:00:34]} 67. g7 {[%emt 0:00:56]} Kxc6 {[%emt 0:00:04]} 68. g8=Q {[%emt 0:00:08]} Rxa6 {[%emt 0:00:02]} 69. Qc8+ {[%emt 0:00:13]} Kb6 {[%emt 0:00:09]} 70. Qb8+ {[%emt 0:00:10]} 1-0